<The> Journal of finance <the> journal of the American finance association

Gespeichert in:
Bibliographische Detailangaben
Format: Schriftenreihe
Sprache:Englisch
Veröffentlicht: New York American Finance Association 1984
Tags: Tag hinzufügen
Keine Tags, Fügen Sie das erste Tag hinzu!

MARC

LEADER 00000nas2a2200000 4500
001 s109321
005 20250730114202.1
041 0 |a eng 
044 |a US 
245 1 0 |a <The> Journal of finance  |b <the> journal of the American finance association 
264 1 |a New York  |b American Finance Association  |c 1984 
300 |a 2 zv. 
773 0 |w eu_un_cat*s120132